| 000 | 01079cam a22002537a 4500 | ||
|---|---|---|---|
| 001 | 2822 | ||
| 005 | 20240116105047.0 | ||
| 020 | _a9780060781446 | ||
| 020 | _a0060781440 | ||
| 040 |
_aDLC _cDLC _dDLC _beng |
||
| 082 | _a813.54 | ||
| 100 | 1 | _aSzymanski, Lois | |
| 245 | 1 | 2 |
_aA perfect pony / _cLois Szymanski |
| 250 | _aFirst HarperFestival edition, 2005 | ||
| 260 |
_aNew York : _bHarperFestival, _c2005 |
||
| 300 |
_a70 pages : _billustrations ; _c20 cm |
||
| 490 | 0 | _aCharming ponies | |
| 505 | _aO | ||
| 520 | _aA PERFECT PONY It's the most exciting day of Niki's life! She's saved up enough money to buy her very own pony and today is the day of the pony auction. She could take home a magnificent pinto or a proud Thoroughbred, but she sets her heart on a beautiful white mare instead. When a little black horse with big sad eyes distracts Niki from the mare of her dreams, will she miss the chance to own the perfect pony? | ||
| 521 |
_a700 _bLexile estimate |
||
| 521 |
_aO _bRaz-Plus |
||
| 906 |
_a7 _bcbc _corignew _d4 _encip _f20 _gy-gencatlg |
||
| 942 |
_2ddc _cBK _n0 |
||
| 999 |
_c2822 _d2822 |
||